Statystyki dla Selekcjonerzy reprezentacji Polski w piłce nożnej mężczyzn

Kliknij tutaj aby rozwiązać quiz!

Ogólne statystyki

  • Ten quiz został rozwiązany 68 razy
  • Średni wynik to 10 z 12

Statystyki odpowiedzi

LataSelekcjoner% Poprawnych
24.01.2023–Fernando Manuel Fernandes da Costa Santos
94%
29.10.2009–01.07.2012Franciszek Smuda
94%
31.01.2022–31.12.2022Czesław Michniewicz
91%
01.08.2018–18.01.2021Jerzy Brzęczek
91%
21.01.2021–29.12.2021Paulo Manuel Carvalho de Sousa
91%
01.11.2013–31.07.2018Adam Nawałka
88%
07.07.2002–03.12.2002Zbigniew Boniek
83%
10.07.2012–16.10.2013Waldemar Fornalik
80%
01.01.2000–21.06.2002Jerzy Engel
69%
20.12.2002–10.07.2006Paweł Janas
66%
11.07.2006–17.09.2009Leo Beenhakker
65%
17.09.2009–29.10.2009Stefan Majewski
65%

Rozkład punktacji

Percentyl według liczby udzielonych odpowiedzi

Procent ludzi z każdym wynikiem

Twoja historia wyników

Nie rozwiązałeś tego quizu